APEC Schools

Looking Back 14: Dirty Ice Cream / (Record no. 9028)

000 -LEADER
fixed length control field nam a22 7a 4500
005 - DATE AND TIME OF LATEST TRANSACTION
control field 20210317051743.0
008 - FIXED-LENGTH DATA ELEMENTS--GENERAL INFORMATION
fixed length control field 210317b xxu||||| |||| 00| 0 eng d
020 ## - IDENTIFIER FOR THE MANIFESTATION
Identifier for the Manifestation 9789712735721
Binding paperback
040 ## - CATALOGING SOURCE
Language of Cataloging eng
Transcribing Agency APEC Schools Library
Description Conventions rda
082 ## - DEWEY DECIMAL CLASSIFICATION NUMBER
Classification number F 899.2104
Author's Number Oc15d 2020
100 ## - CREATOR
Preferred Name of the Person Ocampo, Ambeth R.
245 ## - TITLE AND STATEMENT OF RESPONSIBILITY
Preferred Title Proper Looking Back 14: Dirty Ice Cream /
Statement of Responsibility/Parallel Statement of Responsibility Ambeth R. Ocampo
264 ## - PUBLICATION STATEMENT
Place of publication, distribution, etc Mandaluyong City:
Publisher's Name/Parallel Publisher's Name Anvil,
Copyright ©2020.
300 ## - PHYSICAL DESCRIPTION
Extent 99 pages :
Illustrative Content illustrations ;
336 ## - RDA CONTENT
Source rdacontent
Content Type text
337 ## - RDA MEDIA
Source rdamedia
Media Type unmediated
338 ## - RDA CARRIER
Source rdacarrier
Carrier Type volume
650 ## - ADDED SUBJECT ACCESS POINT - TOPICAL TERM
Topical Term Philippine essays (english).
942 ## - ADDED ENTRY ELEMENTS (KOHA)
Source of Classification
Koha Item Type Non Fiction
Holdings
Library Site Location Shelving Location Source of Acquisition Full Classification Number Accession Number Koha Item Type
APEC Muntinlupa Library           Non Fiction
APEC Bacoor Library APEC Bacoor Library Filipiniana Institutional Fund F 899.2104 Oc15d 2020 B04-0000539 Non Fiction
APEC C. Raymundo Library APEC C. Raymundo Library Filipiniana Institutional Fund F 899.2104 Oc15d 2020 A07-0000458 Non Fiction
APEC Calumpang Library APEC Calumpang Library Filipiniana Institutional Fund F 899.2104 Oc15d 2020 B10-0000475 Non Fiction
APEC Dasmarinas Library APEC Dasmarinas Library Filipiniana Institutional Fund F 899.2104 Oc15d 2020 B03-0000498 Non Fiction
APEC Doña Juana Library APEC Doña Juana Library Filipiniana Institutional Fund F 899.2104 Oc15d 2020 A02-0000196 Non Fiction
APEC Grace Park West Library APEC España Library Filipiniana Institutional Fund F 899.2104 Oc15d 2020 B11-0000326 Non Fiction
APEC Grace Park West Library APEC Grace Park West Library Filipiniana Institutional Fund F 899.2104 Oc15d 2020 A09-0000388 Non Fiction
APEC JRU Lipa Library APEC JRU Lipa Library Filipiniana Institutional Fund F 899.2104 Oc15d 2020 B12-0000535 Non Fiction
APEC Las Piñas Library APEC Las Piñas Library Filipiniana Institutional Fund F 899.2104 Oc15d 2020 C01-0000373 Non Fiction
APEC Concepcion Dos Library APEC Marikina Heights Library Filipiniana Institutional Fund F 899.2104 Oc15d 2020 C02-0000335 Non Fiction
APEC Marikina Heights Library APEC Marikina Heights Library Filipiniana Institutional Fund F 899.2104 Oc15d 2020 A08-0000370 Non Fiction
APEC Muntinlupa Library APEC Muntinlupa Library Filipiniana Institutional Fund F 899.2104 Oc15d 2020 B01-0000350 Non Fiction
APEC New Manila Library APEC New Manila Library Filipiniana Institutional Fund F 899.2104 Oc15d 2020 C03-0000355 Non Fiction
APEC North Fairview Library APEC North Fairview Library Filipiniana Institutional Fund F 899.2104 Oc15d 2020 A04-0000336 Non Fiction
APEC Ortigas Extension, Cainta Library APEC Ortigas Extension, Cainta Library Filipiniana Institutional Fund F 899.2104 Oc15d 2020 B09-0000368 Non Fiction
APEC Roxas Boulevard Library APEC Roxas Boulevard Library Filipiniana Institutional Fund F 899.2104 Oc15d 2020 B06-0000330 Non Fiction
APEC San Pablo, Laguna Library APEC San Pablo, Laguna Library Filipiniana Institutional Fund F 899.2104 Oc15d 2020 D01-0000208 Non Fiction
APEC Silangan, Pateros Library APEC Silangan, Pateros Library Filipiniana Institutional Fund F 899.2104 Oc15d 2020 B07-0000426 Non Fiction
APEC Sta. Rita Library APEC Sta. Rita Library Filipiniana Institutional Fund F 899.2104 Oc15d 2020 B02-0000455 Non Fiction
APEC Taytay Library APEC Taytay Library Filipiniana Institutional Fund F 899.2104 Oc15d 2020 A10-0000346 Non Fiction
APEC Tondo Library APEC Tondo Library Filipiniana Institutional Fund F 899.2104 Oc15d 2020 A10-0000347 Non Fiction
APEC V. Luna Library APEC V. Luna Library Filipiniana Institutional Fund F 899.2104 Oc15d 2020 A01-0000384 Non Fiction

Powered by Koha